[Event "Kimry-ch 60th"]
[Site "Kimry"]
[Date "2012.01.04"]
[Round "5"]
[White "Presnyakov, Semen"]
[Black "Protasov, Sergey"]
[Result "1-0"]
[WhiteElo "1981"]
[BlackElo "1582"]
[PlyCount "49"]
[EventDate "2012.01.02"]
[EventType "swiss"]
[EventRounds "9"]
[EventCountry "RUS"]
[SourceTitle "CBM 146 Extra"]
[Source "ChessBase"]
[SourceDate "2012.02.29"]
[SourceVersion "1"]
[SourceVersionDate "2012.02.29"]
[SourceQuality "1"]

1. d4 d5 2. c4 e6 3. Nf3 Nf6 4. Nc3 Be7 5. Bg5 0-0 6. e3 Nbd7 7. Bd3 dxc4 8. Bxc4 b6 9. 0-0 Bb7 10. Rc1 Rc8 11. Qe2 c5 12. Ba6 Qc7 13. Bf4 Qc6 14. Bb5 Ba6 15. Bxa6 Rcd8 16. Bb5 Qb7 17. Bxd7 Nxd7 18. Rfd1 Nf6 19. dxc5 Bxc5 20. a3 a5 21. Na4 Rxd1+ 22. Qxd1 Be7 23. Rc7 Rd8 24. Qxd8+ Bxd8 25. Rxb7 1-0

[Event "Kimry Spring op"]
[Site "Kimry"]
[Date "2011.05.01"]
[Round "6"]
[White "Presnyakov, Semen"]
[Black "Kuryshkin, Anatoliy"]
[Result "0-1"]
[WhiteElo "1989"]
[BlackElo "2008"]
[PlyCount "72"]
[EventDate "2011.04.29"]
[EventType "swiss"]
[EventRounds "8"]
[EventCountry "RUS"]
[SourceTitle "CBM 142 Extra"]
[Source "ChessBase"]
[SourceDate "2011.06.27"]
[SourceVersion "1"]
[SourceVersionDate "2011.06.27"]
[SourceQuality "1"]

1. c4 c6 2. Nc3 d5 3. d4 e6 4. e3 Nf6 5. Bd3 Nbd7 6. Nf3 dxc4 7. Bxc4 b5 8. Bd3 Bb7 9. 0-0 Bd6 10. Ng5 b4 11. Nce4 Be7 12. f4 Nxe4 13. Bxe4 Bxg5 14. fxg5 Qxg5 15. Qf3 0-0 16. Bxc6 Bxc6 17. Qxc6 Nb6 18. e4 Qd8 19. Rd1 Qh4 20. Qc2 Rac8 21. Qe2 f5 22. g3 Qxe4 23. Qxe4 fxe4 24. Re1 Rc2 25. Bf4 g5 26. Bxg5 Rff2 27. Rac1 Rg2+ 28. Kh1 Rxh2+ 29. Kg1 Rcg2+ 30. Kf1 Rxb2 31. Kg1 Rbg2+ 32. Kf1 Rxa2 33. Be3 Nd5 34. Bg1 Rhc2 35. Rxc2 Rxc2 36. Rxe4 b3 0-1

[Event "Konakovo Chervonny op"]
[Site "Konakovo"]
[Date "2010.09.25"]
[Round "4"]
[White "Zaharov, Sergey"]
[Black "Presnyakov, Semen"]
[Result "1-0"]
[WhiteElo "2140"]
[BlackElo "1973"]
[PlyCount "57"]
[EventDate "2010.09.23"]
[EventType "swiss"]
[EventRounds "7"]
[EventCountry "RUS"]
[SourceTitle "EXT 2022"]
[Source "ChessBase"]
[SourceDate "2021.10.06"]
[SourceVersion "1"]
[SourceVersionDate "2021.10.06"]
[SourceQuality "1"]

1. e4 g6 2. d4 Bg7 3. Bc4 e6 4. Nf3 d5 5. Bd3 dxe4 6. Bxe4 Nf6 7. Bg5 Qd6 8. Bxf6 Bxf6 9. 0-0 c5 10. c3 Nc6 11. Na3 cxd4 12. Nb5 Qd8 13. Nbxd4 Bd7 14. Nxc6 Bxc6 15. Bxc6+ bxc6 16. Qa4 Qc7 17. Rad1 0-0 18. Rd2 Rfd8 19. Rfd1 Rd5 20. c4 Ra5 21. Qc2 Rxa2 22. Qb1 Ra4 23. Rd7 Qb6 24. Qe4 Rd8 25. Rxd8+ Bxd8 26. Ne5 Bf6 27. Nd7 Qxb2 28. Qxc6 Ra1 29. Qc8+ 1-0

[Event "Kimry-ch"]
[Site "Kimry"]
[Date "2007.01.02"]
[Round "1"]
[White "Karklin, Viacheslav"]
[Black "Presnyakov, Semen"]
[Result "1-0"]
[WhiteElo "2218"]
[BlackElo "2062"]
[PlyCount "86"]
[EventDate "2007.01.02"]
[EventType "swiss"]
[EventRounds "9"]
[EventCountry "RUS"]
[SourceTitle "EXT 2010"]
[Source "ChessBase"]
[SourceDate "2010.11.25"]
[SourceVersion "1"]
[SourceVersionDate "2010.11.25"]
[SourceQuality "1"]

1. d4 Nf6 2. Nf3 e6 3. c4 c6 4. Nc3 d5 5. e3 Bd6 6. Bd3 dxc4 7. Bxc4 Nbd7 8. 0-0 0-0 9. Bd2 Re8 10. Qb3 Qb6 11. Qc2 Bb8 12. Rac1 Qc7 13. e4 Nf8 14. e5 N6d7 15. Ne4 Nb6 16. Nd6 Rd8 17. Bd3 Rxd6 18. exd6 Qxd6 19. g3 Qd5 20. Be4 Qh5 21. Ne5 Bxe5 22. dxe5 Qxe5 23. Bb4 Ng6 24. Rfe1 Qh5 25. Rcd1 Bd7 26. Bd6 Nd5 27. Qb3 b6 28. Qa3 f5 29. Bg2 Qg5 30. h4 Qg4 31. Bf3 Qh3 32. h5 Nf8 33. Rd4 g5 34. Qa6 g4 35. Bxd5 exd5 36. Qb7 Rd8 37. Qc7 Rc8 38. Qxa7 c5 39. Rf4 d4 40. Bxf8 Rxf8 41. Qxd7 Qxh5 42. Qe6+ Qf7 43. Rxf5 Qxe6 1-0

[Event "Kimry-ch"]
[Site "Kimry"]
[Date "2005.01.??"]
[Round "2"]
[White "Bik Mukhamedov, Mikhail"]
[Black "Presnyakov, Semen"]
[Result "0-1"]
[WhiteElo "1853"]
[BlackElo "2041"]
[PlyCount "70"]
[EventDate "2005.01.??"]
[EventType "swiss"]
[EventRounds "9"]
[EventCountry "RUS"]
[SourceTitle "EXT 2006"]
[Source "ChessBase"]
[SourceDate "2005.11.24"]
[SourceVersion "1"]
[SourceVersionDate "2005.11.24"]
[SourceQuality "1"]

1. e4 c5 2. Nf3 d6 3. d4 cxd4 4. Nxd4 Nf6 5. Nc3 a6 6. Be3 Qc7 7. f3 e6 8. Nb3 Nbd7 9. Be2 b6 10. Qd2 Bb7 11. Rd1 Be7 12. Bf4 Ne5 13. Bxe5 dxe5 14. 0-0 Bb4 15. a3 Bxc3 16. Qxc3 Qxc3 17. bxc3 Ke7 18. Rd3 Rac8 19. Rfd1 Rc7 20. Nd2 Rhc8 21. Nb1 Nd7 22. Rd6 b5 23. Kf1 Nc5 24. R1d2 Rd7 25. Rxd7+ Nxd7 26. Ke1 Nb6 27. g3 Nc4 28. Bxc4 Rxc4 29. Kd1 f5 30. exf5 Bxf3+ 31. Ke1 exf5 32. Rd3 Bg4 33. Re3 Ke6 34. Nd2 Ra4 35. Nb1 g5 0-1